000 00334 a2200109 4500
001 ART_46537
005 20260410161943.0
008 260409a
245 1 0 _aLa seguridad social frente a la codificación civil
100 1 _aCarnota, Walter F.
773 0 _tTemas de derecho laboral
_g- Nº 7 (jul. 2018)
_wREV27619
999 _c29731
_d29731